<?xml version="1.0" encoding="UTF-8"?>
<record
    xmlns:xsi="http://www.w3.org/2001/XMLSchema-instance"
    xsi:schemaLocation="http://www.loc.gov/MARC21/slim http://www.loc.gov/standards/marcxml/schema/MARC21slim.xsd"
    xmlns="http://www.loc.gov/MARC21/slim">

  <leader>00855nam a22001457a 4500</leader>
  <datafield tag="999" ind1=" " ind2=" ">
    <subfield code="c">520131</subfield>
    <subfield code="d">520131</subfield>
  </datafield>
  <controlfield tag="008">220702b           ||||| |||| 00| 0 eng d</controlfield>
  <datafield tag="100" ind1=" " ind2=" ">
    <subfield code="a">Wadhwa, Manjula </subfield>
    <subfield code="9">31815</subfield>
  </datafield>
  <datafield tag="245" ind1=" " ind2=" ">
    <subfield code="a">Tech-innovation in banking </subfield>
  </datafield>
  <datafield tag="260" ind1=" " ind2=" ">
    <subfield code="a">Yojana </subfield>
  </datafield>
  <datafield tag="300" ind1=" " ind2=" ">
    <subfield code="a">66(6), Jun, 2022: p.41-43</subfield>
  </datafield>
  <datafield tag="520" ind1=" " ind2=" ">
    <subfield code="a">The banking sector is rapidly adopting new merging technologies to draw the customers to park their wealth in attractive bank products and schemes. Latest technologies like artificial intelligence. Big data, deep machine learning and robotics are being used to understand the customers and their needs better. Established 252 years age, banking system in India has left its traditional way of functioning for behind and has emerged in new advent of new technologies.  &#x2013; Reproduced </subfield>
  </datafield>
  <datafield tag="773" ind1=" " ind2=" ">
    <subfield code="a">Yojana </subfield>
  </datafield>
  <datafield tag="906" ind1=" " ind2=" ">
    <subfield code="a">FINANCE - TECHNOLOGICAL INNOVATIONS</subfield>
  </datafield>
  <datafield tag="942" ind1=" " ind2=" ">
    <subfield code="c">AR</subfield>
  </datafield>
  <datafield tag="952" ind1=" " ind2=" ">
    <subfield code="0">0</subfield>
    <subfield code="1">0</subfield>
    <subfield code="2">ddc</subfield>
    <subfield code="4">0</subfield>
    <subfield code="7">0</subfield>
    <subfield code="9">394201</subfield>
    <subfield code="a">IIPA</subfield>
    <subfield code="b">IIPA</subfield>
    <subfield code="d">2022-07-02</subfield>
    <subfield code="h">66(6), Jun, 2022: p.41-43</subfield>
    <subfield code="p">AR126795</subfield>
    <subfield code="r">2022-07-02</subfield>
    <subfield code="y">AR</subfield>
  </datafield>
</record>
